Vísperas sicilianas : una historia del mundo mediterráneo a finales del siglo XIII /

Збережено в:
Бібліографічні деталі
Автор: Runciman, Steven (autor)
Формат: Книга
Мова:Іспанська
Опубліковано: Madrid, España : Revista de Occidente, 1961, c1961
Предмети:
Теги: Додати тег
Немає тегів, Будьте першим, хто поставить тег для цього запису!

MARC

LEADER 00000nam^a2200000^a^4500
001 000271654
005 20250521000000.0
009 20260310111035.321
037 |a Acervo Xavier Clavigero 
041 |a ESP 
082 |a 945. 04  |b RUN 
100 |a Runciman, Steven  |e (autor) 
245 1 0 |a Vísperas sicilianas :  |b una historia del mundo mediterráneo a finales del siglo XIII /  |c S. Runciman ; tr. por Alicia Bleiberg. 
264 4 |a Madrid, España :  |b Revista de Occidente,  |c 1961, c1961 
300 |a 335 p. 
336 |a texto  |b txt  |2 rdacontenido 
337 |a sin mediación  |b n  |2 rdamedio 
338 |a volumen  |b nc  |2 rdasoporte 
500 |a Traducción de: The Silician Vespers. A History of the Mediterranean World in the Later Thirteenth Century 
649 |a XX 
650 |a Sicilia, Italia -  |x Historia -  |y Alta Edad Media, 1122-1402 -  |x Tema Principal 
650 |a Sicilia, Italia -  |x Historia -  |y Edad Media, 476-1402 
650 |a Italia -  |x Historia -  |y Alta Edad Media, 1122-1402 
650 |a Italia -  |x Historia -  |y Edad Media, 476-1402 
910 |a Fondo General 
920 |a Impresos - Libros 
930 |a Colección General 
905 |a 101 
901 |a 0500157701  |b IT1  |c ACC  |u 20250521 
902 |a https://opac.biblio.iteso.mx/vufind/Record/000271654